[Event "Titled Tue 24th Jun Early"]
[Site "chess.com INT"]
[Date "2025.06.24"]
[Round "6"]
[White "Alikulov, Elbek"]
[Black "Yushko, Olga"]
[Result "0-1"]
[WhiteTitle "IM"]
[BlackTitle "WFM"]
[WhiteElo "2305"]
[BlackElo "2033"]
[WhiteFideId "14203308"]
[BlackFideId "14114500"]
[EventDate "2025.06.24"]

1. e4 Nf6 2. e5 Nd5 3. c4 Nb6 4. d4 d6 5. f4 dxe5 6. fxe5 Bf5 7. Nc3 e6 8. Be3
Bb4 9. Qd2 c5 10. Nf3 Nc6 11. a3 cxd4 12. Nxd4 Nxd4 13. Bxd4 Bxc3 14. Qxc3 Qh4+
15. Bf2 Qe4+ 16. Qe3 Nd7 17. Qxe4 Bxe4 18. Bd4 O-O 19. Ke2 Rfd8 20. Ke3 Bg6 21.
Be2 f6 22. Bg4 Kf7 23. Rhf1 Ke7 24. exf6+ gxf6 25. Rae1 e5 26. Bc3 Nc5 27. Bb4
Rd3+ 28. Ke2 b6 29. Rd1 Rad8 30. Rfe1 a5 31. Bxc5+ bxc5 32. Rxd3 Bxd3+ 33. Ke3
Bxc4 34. Rc1 Rd4 35. Bf5 h6 36. b3 Bxb3 37. Rxc5 a4 38. Rb5 Rd1 39. Rb7+ Kd8 40.
Rf7 Bxf7 0-1

[Event "Titled Tue 24th Jun Early"]
[Site "chess.com INT"]
[Date "2025.06.24"]
[Round "6"]
[White "Viskelis, Darius"]
[Black "Willim, Michael"]
[Result "1-0"]
[WhiteTitle "FM"]
[BlackTitle "CM"]
[WhiteElo "2170"]
[BlackElo "2024"]
[WhiteFideId "12800830"]
[BlackFideId "4632435"]
[EventDate "2025.06.24"]

1. e4 e6 2. d4 d5 3. e5 c5 4. c3 Nc6 5. Nf3 Bd7 6. Bd3 cxd4 7. cxd4 Qb6 8. O-O
Nxd4 9. Nxd4 Qxd4 10. Nc3 a6 11. Qe2 Ne7 12. Rd1 Nc6 13. Bxa6 Qxe5 14. Bxb7 Qxe2
15. Nxe2 Ra7 16. Bxc6 Bxc6 17. a3 Ba4 18. Re1 Be7 19. Nc3 Bb3 20. Bf4 O-O 21.
Nb5 Rb7 22. Nd4 Bf6 23. Be5 Rc8 24. Bxf6 gxf6 25. Rac1 Rc4 26. Rxc4 dxc4 27. f4
Ba4 28. Re2 Kf8 29. Kf2 Ke7 30. Rd2 Bb3 31. Nc6+ Kf8 32. Ke3 Rc7 33. Nb4 Ke7 34.
Kd4 e5+ 35. Kc3 Rd7 36. Nc6+ Ke6 37. f5+ 1-0

[Event "Titled Tue 24th Jun Early"]
[Site "chess.com INT"]
[Date "2025.06.24"]
[Round "6"]
[White "Karpenko, Anton"]
[Black "Abramor, Franco"]
[Result "1-0"]
[WhiteTitle "CM"]
[WhiteElo "2219"]
[BlackElo "2167"]
[WhiteFideId "34374353"]
[BlackFideId "181633"]
[EventDate "2025.06.24"]

1. e4 e5 2. Nf3 Nc6 3. Bc4 Bc5 4. O-O Nf6 5. d3 a6 6. c3 Ba7 7. Re1 O-O 8. h3 d6
9. Nbd2 Be6 10. Bxe6 fxe6 11. Nf1 Qe8 12. Ng3 Nh5 13. Nxh5 Qxh5 14. d4 exd4 15.
cxd4 Rxf3 16. Qxf3 Qxf3 17. gxf3 Nxd4 18. Rd1 Nxf3+ 19. Kg2 Rf8 20. Be3 Bxe3 21.
fxe3 Ne5 22. Rf1 Re8 23. Rac1 Nc6 24. b4 Re7 25. a3 g6 26. Rc3 Kg7 27. Rfc1 Kf6
28. a4 Nxb4 29. Rxc7 Nc6 30. Rxe7 Kxe7 31. Rb1 Na5 32. e5 d5 33. Kf3 Kd7 34. Rb6
Nc4 35. Rxb7+ Kc6 36. Rxh7 Nxe5+ 37. Kf4 Nd3+ 38. Kg5 Nc5 39. Kxg6 Nxa4 40. Ra7
Kb6 41. Ra8 Nc5 42. h4 a5 43. h5 a4 44. h6 1-0

[Event "Titled Tue 24th Jun Early"]
[Site "chess.com INT"]
[Date "2025.06.24"]
[Round "6"]
[White "Ugarte Soto, Cesar"]
[Black "Norman, Kseniya"]
[Result "1-0"]
[WhiteTitle "CM"]
[BlackTitle "WFM"]
[WhiteElo "2088"]
[BlackElo "2069"]
[WhiteFideId "3601331"]
[BlackFideId "13518780"]
[EventDate "2025.06.24"]

1. d4 Nf6 2. Bg5 d5 3. Bxf6 gxf6 4. g3 c5 5. e3 Nc6 6. c3 e5 7. Ne2 Bg4 8. Bg2
cxd4 9. exd4 exd4 10. O-O Be7 11. h3 Bxe2 12. Qxe2 Qb6 13. Bxd5 Rg8 14. Kh2 Ne5
15. cxd4 Qxd4 16. Bxb7 Rb8 17. Qb5+ Kf8 18. Nc3 Nf3+ 19. Kg2 Nh4+ 20. Kh2 Rg5
21. Qc6 Nf5 22. Rad1 Qc5 23. Rd2 Nd4 24. Qxc5 Bxc5 25. Bg2 Re5 26. Ne4 Bb6 27.
Rfd1 f5 28. Nf6 Kg7 29. Nd7 1-0

[Event "Titled Tue 24th Jun Early"]
[Site "chess.com INT"]
[Date "2025.06.24"]
[Round "6"]
[White "Askarov, Bakhtiyar"]
[Black "Korobov, Anton"]
[Result "0-1"]
[WhiteTitle "IM"]
[BlackTitle "GM"]
[WhiteElo "2297"]
[BlackElo "2631"]
[WhiteFideId "13701100"]
[BlackFideId "14105730"]
[EventDate "2025.06.24"]

1. Nf3 d5 2. c4 e6 3. g3 Nf6 4. Bg2 d4 5. O-O c5 6. e3 Nc6 7. exd4 cxd4 8. d3
Bd6 9. a3 a5 10. Bg5 h6 11. Bxf6 Qxf6 12. Nbd2 Bc7 13. Ne4 Qe7 14. c5 a4 15.
Nfd2 Ne5 16. Nf3 Nxf3+ 17. Bxf3 O-O 18. Rc1 f5 19. Nd6 Bxd6 20. cxd6 Qxd6 21.
Qd2 Ra6 22. Rc2 Rb6 23. Rfc1 Bd7 24. Qa5 Rb3 25. Qd2 Bb5 26. Be2 Bc6 27. Rc5 f4
28. Bd1 fxg3 29. hxg3 Rb5 30. Rxb5 Bxb5 31. Be2 Bc6 32. Qa5 e5 33. Bf1 Qf6 0-1

[Event "Titled Tue 24th Jun Early"]
[Site "chess.com INT"]
[Date "2025.06.24"]
[Round "6"]
[White "Ermachenko, Manuel"]
[Black "Mayank, Chakraborty"]
[Result "0-1"]
[WhiteTitle "CM"]
[BlackTitle "IM"]
[WhiteElo "2277"]
[BlackElo "2457"]
[WhiteFideId "24560952"]
[BlackFideId "25659766"]
[EventDate "2025.06.24"]

1. e4 e5 2. Nf3 Nc6 3. d4 exd4 4. Nxd4 Nf6 5. Nc3 Bb4 6. Nxc6 bxc6 7. Bd3 O-O 8.
O-O Re8 9. Bg5 h6 10. Bh4 d5 11. exd5 g5 12. Bg3 cxd5 13. a3 Ba5 14. b4 Bb6 15.
h3 Bb7 16. Na4 Ne4 17. Nxb6 axb6 18. Qh5 Re6 19. Bxe4 dxe4 20. Rad1 Qe7 21. Rd2
f5 22. Rfd1 Bc6 23. Bh2 f4 24. Qg4 Rf8 25. h4 e3 26. fxe3 fxe3 27. Re2 Re4 28.
Qh5 Be8 29. Qxh6 Rxh4 30. Rd7 Bxd7 31. Qg6+ Qg7 32. Qd3 Qa1+ 0-1

[Event "Titled Tue 24th Jun Early"]
[Site "chess.com INT"]
[Date "2025.06.24"]
[Round "6"]
[White "Pavlidou, Ekaterini"]
[Black "Ghosh, Chanchal Kumer"]
[Result "1-0"]
[WhiteTitle "WIM"]
[BlackTitle "CM"]
[WhiteElo "2198"]
[BlackElo "2018"]
[WhiteFideId "4213262"]
[BlackFideId "10201858"]
[EventDate "2025.06.24"]

1. d4 d5 2. c4 e6 3. Nc3 Nf6 4. cxd5 exd5 5. Bf4 Bd6 6. Bg3 a6 7. e3 O-O 8. Bd3
Re8 9. Nge2 b5 10. Qc2 Bb7 11. a4 b4 12. Nd1 Nc6 13. a5 Ne7 14. b3 Rc8 15. Rc1
Ne4 16. Bxe4 dxe4 17. Nb2 Nf5 18. Na4 Qg5 19. Nc5 Bd5 20. Nf4 Nxd4 21. Qd1 Bxc5
22. Rxc5 Bxb3 23. Qxd4 Qg4 24. O-O Rcd8 25. Qxb4 Rb8 26. Qc3 Red8 27. h3 Qd7 28.
Rxc7 Qb5 29. Rc5 Qa4 30. Nh5 f6 31. Bxb8 Rxb8 32. Rc8+ Rxc8 33. Qxc8+ Kf7 34.
Qc7+ Kg6 35. Nf4+ Kf5 36. Qxg7 Qxa5 37. Qxh7+ Ke5 38. Qh5+ f5 39. Qh8+ 1-0

[Event "Titled Tue 24th Jun Early"]
[Site "chess.com INT"]
[Date "2025.06.24"]
[Round "6"]
[White "Steinberg, Nitzan"]
[Black "Andreikin, Dmitry"]
[Result "0-1"]
[WhiteTitle "GM"]
[BlackTitle "GM"]
[WhiteElo "2554"]
[BlackElo "2695"]
[WhiteFideId "2801795"]
[BlackFideId "4158814"]
[EventDate "2025.06.24"]

1. e4 c5 2. Nf3 e6 3. d4 cxd4 4. Nxd4 Nc6 5. Nc3 a6 6. Bf4 d6 7. Nxc6 bxc6 8.
Qd2 Be7 9. h4 e5 10. Bg5 Nf6 11. O-O-O Be6 12. f4 exf4 13. Bxf4 d5 14. exd5 cxd5
15. Bd3 O-O 16. Rhe1 Qa5 17. Be5 d4 18. Bxd4 Rfd8 19. Qf4 Rab8 20. g4 Qb4 21. g5
Nh5 22. Bxh7+ Kxh7 23. Qe4+ g6 24. b3 Ng3 25. Qe5 Nf5 26. h5 Rxd4 27. hxg6+ Kxg6
28. Rxd4 Qxd4 29. Qxb8 Qxc3 30. Qg8+ Ng7 0-1

[Event "Titled Tue 24th Jun Early"]
[Site "chess.com INT"]
[Date "2025.06.24"]
[Round "6"]
[White "De Silva, L M S T"]
[Black "Wahedi, Ahmad Siar"]
[Result "0-1"]
[WhiteTitle "IM"]
[BlackTitle "FM"]
[WhiteElo "2390"]
[BlackElo "2239"]
[WhiteFideId "9953698"]
[BlackFideId "4651260"]
[EventDate "2025.06.24"]

1. e4 e6 2. d4 d5 3. Bd3 c5 4. exd5 cxd4 5. dxe6 Bxe6 6. Nf3 Nc6 7. O-O Bc5 8.
Ng5 Nf6 9. Re1 Qd5 10. c4 dxc3 11. Nxc3 Qd7 12. Nxe6 fxe6 13. Bc4 Qxd1 14. Nxd1
e5 15. Be3 Bxe3 16. Nxe3 O-O-O 17. Rac1 Rd2 18. Rc2 Rxc2 19. Nxc2 Rd8 20. Ne3
Rd2 21. Re2 Rxe2 22. Bxe2 Kc7 23. h4 h6 24. g4 g5 25. h5 Nd4 26. Bd1 e4 27. Kg2
Kd6 28. f4 gxf4 29. g5 fxe3 30. gxf6 0-1

[Event "Titled Tue 24th Jun Early"]
[Site "chess.com INT"]
[Date "2025.06.24"]
[Round "6"]
[White "Pranav, V"]
[Black "Sjugirov, Sanan"]
[Result "1-0"]
[WhiteTitle "GM"]
[BlackTitle "GM"]
[WhiteElo "2595"]
[BlackElo "2635"]
[WhiteFideId "25060783"]
[BlackFideId "4189302"]
[EventDate "2025.06.24"]

1. e4 c6 2. d4 d5 3. e5 Bf5 4. Nf3 e6 5. Be2 Ne7 6. O-O Bg6 7. c3 Nd7 8. Na3 Nf5
9. Nc2 a6 10. Nfe1 c5 11. Bd3 cxd4 12. cxd4 Rc8 13. g3 Be7 14. h4 h6 15. Ng2 Bh7
16. Nf4 O-O 17. Bd2 Nb8 18. Bc3 Nc6 19. a4 Kh8 20. a5 Rg8 21. h5 Na7 22. Ne3 Bg5
23. Nxf5 Bxf5 24. Bxf5 exf5 25. Nd3 Nb5 26. Qf3 Qd7 27. Nc5 Rxc5 28. dxc5 d4 29.
Rad1 Rd8 30. Rfe1 Kg8 31. Bd2 d3 32. Be3 Bxe3 33. Qxe3 Qd5 34. e6 d2 35. Re2 Nd4
36. Rexd2 1-0

[Event "Titled Tue 24th Jun Early"]
[Site "chess.com INT"]
[Date "2025.06.24"]
[Round "6"]
[White "Saiz Rodriguez, Daniel Evelio"]
[Black "Porozhnyak, Maya"]
[Result "1-0"]
[WhiteTitle "FM"]
[BlackTitle "WCM"]
[WhiteElo "2187"]
[BlackElo "1953"]
[WhiteFideId "3523420"]
[BlackFideId "34115843"]
[EventDate "2025.06.24"]

1. c4 e5 2. Nc3 f5 3. g3 Nf6 4. Bg2 Bb4 5. Nd5 Nxd5 6. cxd5 O-O 7. Qb3 Bd6 8. d3
b6 9. Nf3 Na6 10. O-O Qe8 11. Qc4 h6 12. a3 Bb7 13. b4 Qf7 14. e4 Kh7 15. Bb2
Rae8 16. exf5 Qxd5 17. Ng5+ hxg5 18. Bxd5 c6 19. Be4 Kh8 20. Qc1 Be7 21. b5 Nc5
22. bxc6 dxc6 23. Bxe5 Nb3 24. Qb2 Nxa1 25. Bxg7+ Kg8 26. Bxf8 Rxf8 27. Qxa1 Bf6
28. Qd1 Rf7 29. Qb3 Kg7 30. Rc1 c5 31. Bxb7 Rxb7 32. Re1 Rd7 33. Re8 Rf7 34. Qe6
g4 35. Kg2 b5 36. h3 gxh3+ 37. Kxh3 a5 38. Kg2 a4 39. Rb8 Re7 40. Qg8+ Kh6 41.
Qg6# 1-0

[Event "Titled Tue 24th Jun Early"]
[Site "chess.com INT"]
[Date "2025.06.24"]
[Round "6"]
[White "Pranesh, M"]
[Black "Galchenko, Matvey"]
[Result "0-1"]
[WhiteTitle "GM"]
[BlackTitle "IM"]
[WhiteElo "2580"]
[BlackElo "2435"]
[WhiteFideId "35028600"]
[BlackFideId "24175480"]
[EventDate "2025.06.24"]

1. Nf3 c5 2. g3 g6 3. Bg2 Bg7 4. O-O Nc6 5. c4 e6 6. Nc3 Nge7 7. e3 O-O 8. d4 d6
9. b3 e5 10. dxc5 dxc5 11. Bb2 e4 12. Nd2 f5 13. Qb1 Qxd2 14. Rd1 Bxc3 15. Rxd2
Bxd2 16. Qd1 Rd8 17. Qc2 Nb4 18. Qb1 Be6 19. Bf6 Kf7 20. Bxe7 Kxe7 21. Qb2 Kf7
22. g4 Rd3 23. Rf1 Bc3 24. Qa3 Rd2 25. Qc1 Nxa2 26. Qb1 Rad8 27. gxf5 gxf5 28.
Kh1 Rb2 29. Qa1 Rdd2 30. Bh3 Rbc2 31. Qb1 Nb4 32. Rg1 Rxf2 33. Bg2 Nd3 34. Qd1
Rfe2 35. Rf1 Rxg2 36. Qxc2 Rxc2 0-1

[Event "Titled Tue 24th Jun Early"]
[Site "chess.com INT"]
[Date "2025.06.24"]
[Round "6"]
[White "Suarez, Pedro"]
[Black "Arakelyan, Manvel"]
[Result "0-1"]
[WhiteTitle "CM"]
[BlackTitle "FM"]
[WhiteElo "2066"]
[BlackElo "2326"]
[WhiteFideId "3007642"]
[BlackFideId "13317415"]
[EventDate "2025.06.24"]

1. d4 e6 2. c4 b6 3. Nc3 Bb4 4. Nf3 Bb7 5. Bf4 f5 6. e3 Nf6 7. Be2 O-O 8. O-O
Bxc3 9. bxc3 d6 10. Rb1 Nbd7 11. Ng5 Qe8 12. Bf3 Bxf3 13. Qxf3 h6 14. Nh3 g5 15.
Bxg5 hxg5 16. Nxg5 Qe7 17. Qg3 Nh5 18. Qh4 Ndf6 19. Rbe1 Rae8 20. e4 fxe4 21.
Nxe4 Nxe4 22. Qxh5 Nd2 23. Re3 Nxf1 24. Kxf1 Rf7 25. Rh3 Qf6 26. Rg3+ Kf8 27.
Rf3 Qg7 28. Rg3 Qh7 29. Qg5 Qb1+ 30. Ke2 Qc2+ 31. Ke3 Qxf2+ 32. Ke4 Qe2+ 0-1

[Event "Titled Tue 24th Jun Early"]
[Site "chess.com INT"]
[Date "2025.06.24"]
[Round "6"]
[White "Zepeda Berlanga, Jan Enrique"]
[Black "Szczepanek, Radoslaw"]
[Result "0-1"]
[WhiteTitle "CM"]
[BlackTitle "CM"]
[WhiteElo "1984"]
[BlackElo "2197"]
[WhiteFideId "5132355"]
[BlackFideId "1120395"]
[EventDate "2025.06.24"]

1. e4 c5 2. Nf3 Nc6 3. d4 cxd4 4. Nxd4 Nf6 5. Nc3 e5 6. Ndb5 d6 7. Bg5 a6 8. Na3
b5 9. Nd5 Be7 10. Nxe7 Nxe7 11. Bd3 d5 12. Bxf6 gxf6 13. exd5 Qxd5 14. f3 f5 15.
c4 Qd4 16. cxb5 O-O 17. Nc2 Qxb2 18. O-O Ng6 19. Qd2 e4 20. fxe4 f4 21. e5 Qxe5
22. Rae1 Qc5+ 23. Kh1 axb5 24. Nb4 Bb7 25. Qb2 Ra4 26. a3 Raa8 27. Rc1 Qg5 28.
Rc7 Rab8 29. Nc2 Qxg2# 0-1

[Event "Titled Tue 24th Jun Early"]
[Site "chess.com INT"]
[Date "2025.06.24"]
[Round "6"]
[White "Dreelinck, Jacob"]
[Black "Goryachkina, Aleksandra"]
[Result "0-1"]
[WhiteTitle "FM"]
[BlackTitle "GM"]
[WhiteElo "2266"]
[BlackElo "2533"]
[WhiteFideId "250511"]
[BlackFideId "4147103"]
[EventDate "2025.06.24"]

1. e4 c5 2. Nf3 d6 3. d4 cxd4 4. Nxd4 Nf6 5. Nc3 Nc6 6. Bc4 e6 7. Be3 a6 8. Bb3
Qc7 9. Qe2 Bd7 10. O-O-O Na5 11. g4 b5 12. g5 b4 13. Nd5 Nxd5 14. exd5 e5 15. f4
exd4 16. Bxd4+ Kd8 17. Rhe1 Nxb3+ 18. axb3 a5 19. Rd3 Kc8 20. Qf2 Kb7 21. Kb1
Bf5 22. Rde3 Rc8 23. R3e2 a4 24. bxa4 b3 25. Ka1 Bxc2 26. Bc3 Ra8 27. Qd4 Qc5
28. Re7+ Bxe7 29. Rxe7+ Ka6 30. Qxg7 Qc4 31. Qxf7 Qxa4# 0-1

[Event "Titled Tue 24th Jun Early"]
[Site "chess.com INT"]
[Date "2025.06.24"]
[Round "6"]
[White "Aranda, Juan Manuel"]
[Black "Klepek, Witold"]
[Result "1-0"]
[WhiteTitle "CM"]
[BlackTitle "CM"]
[WhiteElo "2134"]
[BlackElo "2253"]
[WhiteFideId "160458"]
[BlackFideId "1175068"]
[EventDate "2025.06.24"]

1. Nf3 Nf6 2. g3 d5 3. Bg2 Bg4 4. c4 c6 5. cxd5 cxd5 6. Ne5 Bf5 7. O-O e6 8. d3
Bd6 9. Qa4+ Nfd7 10. Bf4 O-O 11. Nxd7 Bxf4 12. Nxf8 Bd6 13. e4 dxe4 14. dxe4 Bg6
15. Nxg6 hxg6 16. Rd1 Nc6 17. Nc3 Qe7 18. Rac1 Be5 19. Ne2 Bxb2 20. Rb1 Bf6 21.
f4 e5 22. f5 gxf5 23. exf5 Rc8 24. h3 Bg5 25. Kh2 Be3 26. Qb5 Bb6 27. Nc3 Nd4
28. Qd5 Rxc3 29. Qxb7 Qg5 30. Qb8+ Kh7 31. Qxe5 Bc7 32. Qxd4 Rxg3 33. Kh1 Rxg2
34. Rb2 Rg3 35. Rh2 Qxf5 36. Rg1 Qf3+ 37. Rgg2 Bb6 38. Qh4+ Kg8 39. Qxg3 Qd1+
40. Rg1 Qd5+ 41. Rhg2 Bxg1 42. Qxg7# 1-0

[Event "Titled Tue 24th Jun Early"]
[Site "chess.com INT"]
[Date "2025.06.24"]
[Round "6"]
[White "Chiang, Jacob"]
[Black "Rogov, Matfey"]
[Result "0-1"]
[BlackTitle "FM"]
[WhiteElo "2006"]
[BlackElo "2348"]
[WhiteFideId "30962331"]
[BlackFideId "44191308"]
[EventDate "2025.06.24"]

1. c4 e5 2. Nc3 Nf6 3. g3 c6 4. d4 exd4 5. Qxd4 d5 6. Bg2 Be6 7. cxd5 cxd5 8.
Bg5 Nc6 9. Qa4 Bb4 10. a3 Bc5 11. Nf3 Qb6 12. O-O d4 13. Bxf6 Bb3 14. Qb5 gxf6
15. Qxb6 axb6 16. Ne4 f5 17. Nxc5 bxc5 18. Rac1 c4 19. Nd2 Na5 20. Nxb3 cxb3 21.
Rc5 Ke7 22. Rd1 Rhc8 23. Rdc1 Rxc5 24. Rxc5 Kd6 25. Rxf5 Nc4 26. Rb5 Nd2 27.
Rxb7 Rc8 28. Bf3 Rc2 29. Kg2 Rxb2 30. Rxf7 Ra2 31. Bg4 d3 32. Rd7+ Ke5 33. exd3
b2 34. d4+ Ke4 35. Rf7 Kxd4 36. Bf5 Rxa3 37. Rb7 Kc3 38. Bxh7 Rb3 39. Rxb3+ Nxb3
40. f4 Nd4 41. g4 Nc2 42. g5 b1=Q 43. g6 Ne3+ 44. Kf3 Qd3 45. h4 Nf5+ 46. Kg4
Qe4 47. Kg5 Qd5 48. h5 Ne7+ 49. Kh6 Qf5 50. g7 Qxf4# 0-1

[Event "Titled Tue 24th Jun Early"]
[Site "chess.com INT"]
[Date "2025.06.24"]
[Round "6"]
[White "Khanbutaev, Artemii"]
[Black "Shevchenko, Yaroslav"]
[Result "1-0"]
[WhiteElo "2139"]
[BlackElo "2179"]
[WhiteFideId "55747175"]
[BlackFideId "34144684"]
[EventDate "2025.06.24"]

1. d4 e6 2. c4 d5 3. Nf3 c6 4. g3 Nf6 5. Bg2 Bb4+ 6. Bd2 Be7 7. O-O O-O 8. Qc2
Nbd7 9. b3 b6 10. Nc3 Bb7 11. e4 c5 12. e5 Ne4 13. cxd5 Nxc3 14. Bxc3 Bxd5 15.
Rfd1 Qc7 16. Rac1 Qb7 17. Qe2 Rac8 18. dxc5 Nxc5 19. Ne1 Bxg2 20. Nxg2 Qe4 21.
Qxe4 Nxe4 22. Bb2 Rxc1 23. Rxc1 Bc5 24. Ne3 Rd8 25. Rd1 Rd2 26. Rxd2 Nxd2 27.
Nc2 h5 28. Kg2 Kf8 29. f3 Ke7 30. b4 Nc4 31. Bc1 Bxb4 32. Nxb4 Nxe5 33. f4 Nc4
34. Kf3 Kd6 35. Ke4 a5 36. Nd3 b5 37. Kd4 Nb6 38. Bd2 Nc4 39. Bc3 a4 40. Bb4+
Kc7 41. Ne5 Nb6 42. Ba5 Kb7 43. Bxb6 Kxb6 44. Nxf7 Ka5 45. Kc3 b4+ 46. Kc2 Kb5
47. Ng5 Kc5 48. Nxe6+ Kd5 49. Nxg7 Ke4 50. Nxh5 Kf5 51. h3 Kg6 52. g4 Kh6 53.
Ng3 Kg6 54. Ne4 Kh6 55. Nc5 b3+ 56. Nxb3 axb3+ 1-0

[Event "Titled Tue 24th Jun Early"]
[Site "chess.com INT"]
[Date "2025.06.24"]
[Round "6"]
[White "Ivanov, Andrey A."]
[Black "Gubajdullin, Alexei"]
[Result "0-1"]
[WhiteTitle "CM"]
[BlackTitle "FM"]
[WhiteElo "2120"]
[BlackElo "2233"]
[WhiteFideId "2514311"]
[BlackFideId "4141202"]
[EventDate "2025.06.24"]

1. Nf3 Nf6 2. d4 g6 3. c4 Bg7 4. Nc3 O-O 5. e4 d6 6. Be2 Nbd7 7. Be3 e5 8. O-O
c6 9. Qd2 a5 10. b3 a4 11. b4 a3 12. Rab1 exd4 13. Nxd4 Ne5 14. f3 h5 15. Rfd1
h4 16. Nc2 Be6 17. Qd4 Nh5 18. Qxd6 Nxc4 19. Qc5 Qf6 20. Bxc4 Bxc4 21. Bd4 Qe6
22. Bxg7 Kxg7 23. Nd4 Qc8 24. Qxc4 Nf4 25. Nce2 Nh5 26. Qc3 Kh7 27. Nc2 h3 28.
g3 Qe6 29. Ne3 Qxa2 30. Nf4 Nxf4 31. gxf4 Qe2 32. Rf1 a2 33. Ra1 Rfd8 34. Rf2
Qb5 35. Ng4 Rd3 36. Qb2 Rad8 37. Nf6+ Kh6 38. Ng4+ Kh5 39. Qe5+ Qxe5 40. Nxe5
Rd1+ 41. Rf1 Rxf1+ 42. Kxf1 Rd2 43. Ng4 Rb2 44. Nf2 Rb1+ 45. Rxb1 axb1=Q+ 0-1

[Event "Titled Tue 24th Jun Early"]
[Site "chess.com INT"]
[Date "2025.06.24"]
[Round "6"]
[White "Iskusnyh, Sergei"]
[Black "Kozak, Antoni"]
[Result "1-0"]
[WhiteTitle "GM"]
[WhiteElo "2440"]
[BlackElo "2426"]
[WhiteFideId "4120027"]
[BlackFideId "21832030"]
[EventDate "2025.06.24"]

1. d4 Nf6 2. c4 b6 3. Nc3 Bb7 4. Qc2 Nc6 5. Nf3 Nb4 6. Qb1 Bxf3 7. exf3 e6 8.
Be3 g6 9. a3 Nc6 10. Be2 Bg7 11. Qd3 O-O 12. g4 d5 13. g5 dxc4 14. Qxc4 Na5 15.
Qa2 Nd5 16. Nxd5 exd5 17. b4 Nb7 18. h4 Re8 19. Rd1 c6 20. Qc2 Qd7 21. Kf1 Nd6
22. Bd3 b5 23. h5 a5 24. Kg2 Nc4 25. Bc1 Qd6 26. hxg6 hxg6 27. Rh4 axb4 28. axb4
Qxb4 29. Bxg6 fxg6 30. Qxg6 Re7 31. Rdh1 1-0

[Event "Titled Tue 24th Jun Early"]
[Site "chess.com INT"]
[Date "2025.06.24"]
[Round "6"]
[White "Sabatier, Mathis"]
[Black "Tregubov, Pavel V."]
[Result "1-0"]
[WhiteTitle "CM"]
[BlackTitle "GM"]
[WhiteElo "2235"]
[BlackElo "2550"]
[WhiteFideId "26029685"]
[BlackFideId "4115341"]
[EventDate "2025.06.24"]

1. d4 Nf6 2. c4 c5 3. d5 b5 4. Qc2 b4 5. e4 d6 6. a3 Nbd7 7. axb4 cxb4 8. Nf3 g6
9. b3 Bg7 10. Bb2 O-O 11. Nbd2 a5 12. Bd3 Nc5 13. O-O Bd7 14. Bd4 Qc7 15. e5 Ng4
16. exd6 exd6 17. Bxg7 Kxg7 18. Qb2+ Kg8 19. Bc2 Rfe8 20. Rfe1 Qb6 21. Qd4 a4
22. h3 axb3 23. Rxa8 Rxa8 24. Nxb3 Nh6 25. Ng5 Nf5 26. Qf6 Rf8 27. Nxc5 Qxc5 28.
Bxf5 Bxf5 29. Nxf7 Qc8 30. Nh6# 1-0

[Event "Titled Tue 24th Jun Early"]
[Site "chess.com INT"]
[Date "2025.06.24"]
[Round "6"]
[White "Duarte Cramer, Lily Jeanette"]
[Black "Kjaergaard-Jensen, Jesper"]
[Result "0-1"]
[WhiteTitle "WCM"]
[BlackTitle "CM"]
[WhiteElo "1828"]
[BlackElo "2081"]
[WhiteFideId "29620180"]
[BlackFideId "1406990"]
[EventDate "2025.06.24"]

1. d4 Nf6 2. c4 d6 3. Nc3 e5 4. d5 Be7 5. e4 c6 6. Bd3 Qc7 7. h3 Nbd7 8. Nf3 h6
9. b4 a5 10. b5 Nc5 11. Be3 cxd5 12. cxd5 Bd7 13. Bxc5 Qxc5 14. Rc1 Rc8 15. O-O
O-O 16. Na4 Qa3 17. Rxc8 Rxc8 18. Nb6 Rc3 19. Bb1 Bxb5 20. Re1 Qc5 21. Na4 Bxa4
22. Qxa4 Ra3 23. Qd1 b5 24. Qe2 Rc3 25. Nd2 a4 26. Bd3 b4 27. Bb5 b3 28. Bxa4
bxa2 29. Bb3 Qa3 30. Qd1 Rd3 31. Qc2 Rxd2 32. Qxd2 Qxb3 33. Ra1 Qb1+ 34. Qc1
Qxc1+ 35. Rxc1 Nxe4 36. Ra1 Nc3 37. Kf1 e4 38. Ke1 Bf6 39. f3 exf3 40. gxf3 g5
41. Kf1 Kg7 42. Rc1 Nb1 43. Kg2 a1=Q 44. Kg3 Qe5+ 45. Kg2 Qe2+ 46. Kg1 Bd4+ 47.
Kh1 Qxf3+ 48. Kh2 Qf2+ 49. Kh1 Be5 50. Rc2 Qf1# 0-1

[Event "Titled Tue 24th Jun Early"]
[Site "chess.com INT"]
[Date "2025.06.24"]
[Round "6"]
[White "Reprintsev, Alexander"]
[Black "Sydykov, Bayastan"]
[Result "0-1"]
[WhiteTitle "IM"]
[BlackTitle "FM"]
[WhiteElo "2256"]
[BlackElo "2301"]
[WhiteFideId "14100541"]
[BlackFideId "13829610"]
[EventDate "2025.06.24"]

1. e4 e5 2. f4 exf4 3. Bc4 d6 4. Nc3 Qh4+ 5. Kf1 Nf6 6. Nf3 Qh5 7. Qe1 Be6 8. d3
Bxc4 9. dxc4 Nbd7 10. Bxf4 O-O-O 11. Qf2 b6 12. Re1 Re8 13. h3 h6 14. b3 g5 15.
Bg3 g4 16. Nd4 gxh3 17. Rxh3 Qa5 18. Bh4 Bg7 19. a4 Ng4 20. Qd2 Kb7 21. Nf5 Be5
22. Qd5+ Qxd5 23. Nxd5 h5 24. Bg3 Bxg3 25. Rxg3 Nc5 26. Nc3 Re5 27. Rh3 Nxe4 28.
Nxe4 Rxf5+ 29. Kg1 Re5 30. Re2 Rhe8 31. g3 Rxe4 32. Rxe4 Rxe4 33. Rxh5 Re2 34.
Rg5 Ne3 35. Rg7 Rxc2 36. Rxf7 Rg2+ 0-1

[Event "Titled Tue 24th Jun Early"]
[Site "chess.com INT"]
[Date "2025.06.24"]
[Round "6"]
[White "Khoo-Thwe, Louis"]
[Black "Barseghyan, Armen Ar."]
[Result "0-1"]
[WhiteTitle "CM"]
[BlackTitle "IM"]
[WhiteElo "2214"]
[BlackElo "2348"]
[WhiteFideId "1538756"]
[BlackFideId "13306707"]
[EventDate "2025.06.24"]

1. e4 c5 2. Nf3 Nc6 3. d4 cxd4 4. Nxd4 g6 5. Nc3 Bg7 6. Be3 Nf6 7. Bc4 O-O 8.
Bb3 d6 9. f3 Bd7 10. Qd2 Qa5 11. O-O-O Rfc8 12. Kb1 b5 13. Nxc6 Bxc6 14. Nd5
Qxd2 15. Nxf6+ Bxf6 16. Rxd2 a5 17. a3 Rab8 18. Bd4 Bg5 19. Rf2 a4 20. Ba2 b4
21. axb4 Rxb4 22. Rd1 a3 23. Bc3 Rb7 24. Bb3 axb2 25. Bxb2 Bh6 26. e5 Bf4 27.
exd6 Bxd6 28. f4 Rxb3 29. cxb3 Be4+ 30. Ka1 Ra8+ 31. Ba3 Rxa3+ 32. Kb2 Ra8 33.
Ra1 Rb8 34. Rd1 Rc8 35. g3 Kg7 36. Re1 Bf5 37. Rff1 Rc2+ 38. Ka1 Bb4 39. Rc1
Bc3+ 40. Kb1 Rf2+ 0-1